000 00797nam a2200289Ia 4500
003 OSt
005 20240516165135.0
008 210210b1922 xxu||||| |||| 00| 0 eng d
040 _cAL
041 _aeng
082 _a954/617
100 _a INDIA (archaeological Survey of)
_9165297
245 _aAnnual report of the Archaeological Survey of India: Eastern circle 1920-21
260 _aCalcutta
_bSuperintendent Government Printing
_c1922
300 _a40
650 _aSurvey
_9165298
650 _areport
_9165299
650 _aIndia:
_9165300
650 _aEastern
_9165301
650 _acircle
_9165302
650 _aArchaeological
_9165303
650 _aAnnual
_9165304
650 _a1919-20
_9165305
690 _aIndian History
_9165306
906 _a002117
942 _2ddc
_cBK
999 _c120876
_d120876